000 01129nam0a22002771 4500
001 2576949
005 20260406122349.0
021 _aRU
_b3902-78
035 _a(NLR Aleph) 006460199
090 _a5828290
_c5828290
100 _a20110316d1978 |||y0rusy50 ca
101 0 _arus
102 _aRU
105 _ay z |||||
200 1 _aМеханика деформируемого твердого тела
_eВсесоюз. школа и конф. молодых ученых, 26 июня - 5 июля 1978 года
_eТез. докл.
210 _aКуйбышев
_cБ. и.
_d1978
215 _a113 с.
_d20
300 _aВ надзаг.: Науч. совет по пробл. прочности и пластичности АН СССР, Куйбышев. гос. ун-т
686 _aВ251я431(2)
_2rubbk
712 0 2 _aАН СССР
_bНаучный совет по проблемам прочности и пластичности
_3RU\NLR\AUTH\8815010
_9303305
801 0 _aRU
_bNLR
_gpsbo
801 1 _aRU
_bELAR
_2rusmarc
852 _aNLR
_jDesideratum
899 _aRuMoRGB
_jБ 78-29/1135
942 _cBOOK
980 _aNB